Θέματα χριστιανικής ηθικής : Γ' λυκείου

Αποθηκεύτηκε σε:
Λεπτομέρειες βιβλιογραφικής εγγραφής
Κύριος συγγραφέας: Μαντζαρίδης, Γεώργιος Ι., 1935-
Άλλοι συγγραφείς: Γιούλτσης, Βασίλειος Τ., Πέτρου, Ιωάννης Σ., Τζουμάκας, Νικόλαος
Μορφή: Βιβλίο
Γλώσσα:Greek
Δημοσίευση: Αθήνα : Οργανισμός Εκδόσεως Διδακτικών Βιβλίων, [1985].
Θέματα:
Ετικέτες: Προσθήκη ετικέτας
Δεν υπάρχουν, Καταχωρήστε ετικέτα πρώτοι!

MARC

LEADER 00000cam a2200000 i 4500
001 1/79909
008 050704s1985 gr | ||| |||| ||gre||
035 |l 10078882 
040 |a GR-MY-UA  |b gre  |e aacr 
041 0 |a gre 
082 7 |a 372.84   |2 (22) 
100 1 |a Μαντζαρίδης, Γεώργιος Ι.,   |d 1935- 
245 1 0 |a Θέματα χριστιανικής ηθικής :   |b Γ' λυκείου /   |c Γ. Μαντζαρίδης [κ.ά].  
260 |a Αθήνα :   |b Οργανισμός Εκδόσεως Διδακτικών Βιβλίων,   |c [1985].  
300 |a 184 σ. ;   |c 20 εκ.  
500 |a Με: Θεολογία λατρεία και ζωή της εκκλησίας: για την Α' λυκείου / Αθανασίου Κιρμιζή [κ.ά]. - Χριστιανισμός και κόσμος: Β' λυκείου / Ι. Μάσσος. - Χριστιανική ηθική: Γ' λυκείου / Κωνσταντίνου Σ. Γρηγοριάδου.  
650 0 0 |a Religion  |x Study and teaching  |z Greece. 
650 0 0 |a Religious education  |z Greece. 
700 1 |a Γιούλτσης, Βασίλειος Τ. 
700 0 |a Πέτρου, Ιωάννης Σ. 
700 0 |a Τζουμάκας, Νικόλαος. 
852 |a INST  |b RHODES  |c KRI  |e 20050704  |h  372.84 ΚΙΡ  |p 005400028422  |q 005400028422  |t BK  |y 0 
901 |a BIBL4-2005-2 
909 |a Ρ  |b 111066 
970 |a ΚΟΖΑ  |b ΜΑΡΙΑ  |z 2005/07/04